|
|
|
|
| LEADER |
01089nam a2200301 a 4500 |
| 001 |
GR-Patra13727 |
| 008 |
001010s1998 gr g 000 b eng d |
| 020 |
|
|
|a 0834212137
|
| 040 |
|
|
|a GrPaTEI
|b gre
|c GR-PaULI
|
| 040 |
|
|
|a GrPaTEI
|b gre
|c GR-PaULI
|
| 082 |
|
0 |
|a 616.855
|2 21
|
| 245 |
0 |
0 |
|a Memory and language impairment in children and adults :
|b New Perspectives /
|c Ronald B. Gillman.
|
| 260 |
|
|
|a Gaithersburg :
|b Aspen Publishers,
|c 1998
|
| 300 |
|
|
|a xv, 228σ.
|
| 504 |
|
|
|a Include bibliography references
|
| 650 |
|
0 |
|a ADULTS
|
| 650 |
|
0 |
|a CHILDREN
|
| 650 |
|
0 |
|a Language disorders
|
| 650 |
|
4 |
|a ΕΝΗΛΙΚΕΣ
|
| 650 |
|
4 |
|a ΛΟΓΟΘΕΡΑΠΕΙΑ
|
| 650 |
|
4 |
|a Μάθηση, Δυσκολίες της
|
| 650 |
|
4 |
|a Παιδιά
|
| 700 |
1 |
|
|a GILLAM, RONALD B.
|
| 710 |
0 |
|
|a Aspen Publishers
|
| 942 |
|
|
|2 ddc
|
| 952 |
|
|
|0 0
|1 0
|2 ddc
|4 0
|6 616_855000000000000_GIL
|7 0
|9 292774
|a LISK
|b LISK
|c BSC
|d 2021-01-17
|e 24
|f 0
|g 0.00
|l 0
|o 616.855 GIL
|p 92410014890
|r 2021-01-17 00:00:00
|t 1
|w 2021-01-17
|y BK15
|x 20001010 0 1
|x GrPaTEI
|
| 971 |
|
|
|a .b26612422
|b 15-04-20
|c 23-09-16
|
| 999 |
|
|
|c 171117
|d 171117
|